| 000 | 01448nam a2200337 a 4500 | ||
|---|---|---|---|
| 999 |
_c133833 _d133833 |
||
| 003 | BLK | ||
| 005 | 20241114005503.0 | ||
| 008 | 180409b bul|||||r ||||||| ||bul|| | ||
| 010 | _aKNG00139734000 | ||
| 020 | _a954-419-021-Х | ||
| 040 | _aBLK | ||
| 041 |
_aBUL _cBUL |
||
| 080 |
_aБългарска литература _b821.163.2 _x-93-32 _z821.163.2-93-32 |
||
| 100 |
_aГабе, Дора Петрова _gПоетеса и писателка. Преводачка от полски език. _d1886-1983 _qГабе, Изидора Петрова _9369524 |
||
| 139 |
_aГабе, Дора Петрова _bГ 13 |
||
| 245 | 1 | 0 |
_aПрез нашите очички _bРазказчета за малки деца _cДора Габе; худож. Симеон Димитров Спиридонов. |
| 250 | _a2. изд. | ||
| 257 | _aBGR | ||
| 260 |
_bОтечество _c1993 _aСофия |
||
| 300 |
_a48 с. _bс цв. ил. _c28 см |
||
| 380 | _aDX | ||
| 500 | _aКор. опис. - 1. изд. 1962 на изд. Нар. младеж в сер. За предучилищна възраст. - 5 000 тир. | ||
| 700 | 1 |
_aСпиридонов, Симеон Димитров _eхудож. _9277676 |
|
| 852 | _aЦб ІІ 17458 | ||
| 856 | 4 | _qpdf | |
| 856 | 4 | _qpdf | |
| 942 |
_cKNG _n0 _01 _s1 |
||
| 944 |
_aCR _c19.02.2013 _lCRON CRON _k |
||
| 944 |
_aED _c19.02.2013 _l19.02.2013 - от С1,Р / 19.02.2013 |
||
| 999 | _d133833 | ||